| 000 | 01470nam0a2200361 i 4500 | ||
|---|---|---|---|
| 001 | RU\NLR\BIBL_A\010433918 | ||
| 005 | 20241104070056.0 | ||
| 021 |
_aRU _b2014-39228 _92391 |
||
| 035 | _a(NILC)RuMoRGB-007499279 | ||
| 035 | _a(NLR Aleph) 010433918 | ||
| 090 |
_a9862082 _c9862082 |
||
| 100 | _a20140723d2014 u y0rusy50 ca | ||
| 101 | 0 | _arus | |
| 102 | _aRU | ||
| 105 | _aac||z|||000zy | ||
| 200 | 1 |
_aЛоцман по жизни _eкнига для семей, воспитывающих детей-инвалидов _f[Радость детства Благотвор. фонд] |
|
| 210 |
_aКазань _c[б. и.] _d2014 |
||
| 215 |
_a275 с. _cил., портр., цв. ил. _d21 |
||
| 333 | _a16+ | ||
| 606 |
_aСемьи с детьми-инвалидами _xПсихологическая служба _92501988 _3RU\NLR\AUTH\661483863 |
||
| 606 |
_aСемьи с детьми-инвалидами _xСоциальная работа _92243125 _3RU\NLR\AUTH\661345874 |
||
| 606 | 1 |
_aДети-инвалиды _xВоспитание в семье _92503296 _3RU\NLR\AUTH\661484532 |
|
| 686 | 1 | _aС550.325.2 | |
| 686 | 1 | _aС550.473 | |
| 686 | 1 | _aЮ984.92 | |
| 686 | 1 | _aХ621.159 | |
| 686 | 1 | _aЧ491.08 | |
| 711 | 0 | 2 |
_a"Радость детства", благотворительный фонд _cКазань |
| 801 | 0 |
_aRU _bРГБ _c20140529 _gRCR |
|
| 942 | _cBOOK | ||
| 980 | _aNBR | ||